|
|
|
|
| LEADER |
01337nam a2200349Ia 4500 |
| 001 |
EBC231831 |
| 003 |
MiAaPQ |
| 005 |
20200520144314.0 |
| 006 |
m o d | |
| 007 |
cr cn||||||||| |
| 008 |
000815s2004 enk s 000 0 eng d |
| 020 |
|
|
|z 1845440161
|
| 035 |
|
|
|a (MiAaPQ)EBC231831
|
| 035 |
|
|
|a (Au-PeEL)EBL231831
|
| 035 |
|
|
|a (CaPaEBR)ebr10069035
|
| 035 |
|
|
|a (CaONFJC)MIL51571
|
| 035 |
|
|
|a (OCoLC)70751483
|
| 040 |
|
|
|a MiAaPQ
|c MiAaPQ
|d MiAaPQ
|
| 050 |
|
4 |
|a HF5415.1263
|b .B87 2004
|
| 245 |
0 |
0 |
|a Business-to-business marketing in Latin America
|h [electronic resource] /
|c Guest editors Thomas G. Brashear and James S. Boles.
|
| 260 |
|
|
|a Bradford, England :
|b Emerald Group Publishing,
|c c2004.
|
| 300 |
|
|
|a 76 p.
|
| 490 |
1 |
|
|a Journal of Business & Industrial Marketing. No. 6 ;
|v Vol. 19
|
| 533 |
|
|
|a Electronic reproduction. Ann Arbor, MI : ProQuest, 2015. Available via World Wide Web. Access may be limited to ProQuest affiliated libraries.
|
| 650 |
|
0 |
|a Industrial marketing.
|
| 650 |
|
0 |
|a Marketing.
|
| 655 |
|
4 |
|a Electronic books.
|
| 700 |
1 |
|
|a Brashear, Thomas G.
|
| 700 |
1 |
|
|a James S. Boles.
|
| 710 |
2 |
|
|a ProQuest (Firm)
|
| 830 |
|
0 |
|a Journal of business & industrial marketing ;
|v v. 19, no. 6.
|
| 856 |
4 |
0 |
|u https://ebookcentral.proquest.com/lib/matrademy/detail.action?docID=231831
|z Click to View
|